000 01039cam a22002891 4500
999 _c23396
_d23396
001 9375040
003 BDDh-ASL
005 20231015030232.0
008 740422s1963 e b 000 0 eng
010 _a 62007800
035 _a(OCoLC)863041
040 _aDLC
_cOCanW
_dOCoLC
_dDLC
_dBDDh-ASL
041 1 _aeng
_hfre
050 0 0 _aD20
_b.P513
082 0 0 _a909
_bPIT
100 1 _aPirenne, Jacques,
_d1891-1972.
240 1 0 _aGrands courants de l'histoire universelle.
_lEnglish
245 1 4 _aThe tides of history, Vol.-2, From the expansion of Islam to the Treaties of Westphalia /
_cTranslated from the French by Lavett Edwards.
250 _a[1st ed.]
260 _aNew York,
_aLondon:
_bDutton,
_bGeorge Allen and Unwin Ltd.,
_c1963.
300 _a732 p. :
_bmaps (part fold.)
_c23 cm.
500 _a"Translated from Les grands courants de l'histoire universelle."
505 0 _av. 1. From the beginnings to Islam.
650 0 _aWorld history.
906 _a7
_bcbc
_coclcrpl
_du
_encip
_f19
_gy-gencatlg
942 _2ddc
_cBK